Pojištění dokumentárního akreditivu
Nový poistný produkt na českom poistnom trhu - poistenie rizika spojeného s potvrdením neodvolateľného dokumentárneho exportného akreditívu tuzemskou bankou, ktorá vlastní povolenie od Českej národnej banky. Jednotné zvyklosti a pravidlá pre dokumentárne akreditívy. Odvolateľnosť a neodvolateľnosť a...
Gespeichert in:
| 1. Verfasser: | |
|---|---|
| Format: | Buchkapitel |
| Sprache: | Tschechisch |
| Schlagworte: | |
| Tags: |
Keine Tags, Fügen Sie das erste Tag hinzu!
|
MARC
| LEADER | 00000naa a2200000 4500 | ||
|---|---|---|---|
| 001 | r045421 | ||
| 005 | 20231004072533.4 | ||
| 041 | 0 | |a cze | |
| 044 | |a CZ | ||
| 245 | 1 | 0 | |a Pojištění dokumentárního akreditivu |c Michael P. Škorpil |
| 520 | |a Nový poistný produkt na českom poistnom trhu - poistenie rizika spojeného s potvrdením neodvolateľného dokumentárneho exportného akreditívu tuzemskou bankou, ktorá vlastní povolenie od Českej národnej banky. Jednotné zvyklosti a pravidlá pre dokumentárne akreditívy. Odvolateľnosť a neodvolateľnosť akreditívu. Poistenie a komerčné riziká. Teritoriálne a iné nekomerčné riziká. | ||
| 610 | 2 | 0 | |a akreditív dokumentárny |
| 610 | 2 | 0 | |a poistenie |
| 610 | 2 | 0 | |a riziko |
| 610 | 2 | 0 | |a Česko |
| 100 | 1 | |a Škorpil, Michael P. | |